000 00697nam a2200289Ia 4500
005 20260324112634.0
008 008 260324s9999 xx 000 0 eng d
020 _a9781003527220
037 _aEBOOK
040 _aCRL
040 _beng
040 _cCRL
041 _2eng
041 _aeng
084 _qCRL
100 _aPrashant A Upadhyaya
_91143535
245 0 _aManusCrypt
245 0 _bDesigned for Mankind – Anthropocentric Information Security
260 _bTaylor and Francis
260 _c2024
365 _a
365 _b225
856 _uhttp://www.taylorfrancis.com/books/9781003527220
942 _cEBOOK
999 _c1732819
_d1732819